Fish immune system: Organism, pathogen, and environment (Record no. 55070)

MARC details
000 -LEADER
fixed length control field 01014nam a2200325Ia 4500
003 - CONTROL NUMBER IDENTIFIER
control field OSt
005 - DATE AND TIME OF LATEST TRANSACTION
control field 20220912150805.0
008 - FIXED-LENGTH DATA ELEMENTS--GENERAL INFORMATION
fixed length control field 220909b |||||||| |||| 00| 0 eng d
020 ## - INTERNATIONAL STANDARD BOOK NUMBER
International Standard Book Number 0123504392 (hbd)
037 ## - SOURCE OF ACQUISITION
Terms of availability Textual
040 ## - CATALOGING SOURCE
Original cataloging agency CSL
Language of cataloging eng
Transcribing agency CSL
041 ## - LANGUAGE CODE
Language code of text/sound track or separate title eng
100 ## - MAIN ENTRY--PERSONAL NAME
Personal name Iwama George Ed.
245 #0 - TITLE STATEMENT
Title Fish immune system: Organism, pathogen, and environment
260 ## - PUBLICATION, DISTRIBUTION, ETC.
Place of publication, distribution, etc. San Diego
Name of publisher, distributor, etc. Academic Press
Date of publication, distribution, etc. 1996
300 ## - PHYSICAL DESCRIPTION
Extent xii, 380p
490 ## - SERIES STATEMENT
Series statement Fish Physiology; 15
500 ## - GENERAL NOTE
General note Includes bibliographical references; Index 367-378p.
-- cm.
650 ## - SUBJECT ADDED ENTRY--TOPICAL TERM
Topical term or geographic name entry element Fish immune system
650 ## - SUBJECT ADDED ENTRY--TOPICAL TERM
Topical term or geographic name entry element Fish physiology
650 ## - SUBJECT ADDED ENTRY--TOPICAL TERM
Topical term or geographic name entry element Zoology
700 ## - ADDED ENTRY--PERSONAL NAME
Personal name Nakanishi Teruyuki Ed.
942 ## - ADDED ENTRY ELEMENTS (KOHA)
Classification part K96:4:56, N6
Koha item type Textual
Source of classification or shelving scheme Colon Classification (CC)
Holdings
Withdrawn status Lost status Damaged status Not for loan Home library Current library Date acquired Source of acquisition Total Checkouts Full call number Barcode Date last seen Price effective from Koha item type
        Central Science Library Central Science Library 2022-09-12 208, 27/10/2004, Ashutosh Technical Books   K96:4:56 N6 SL1290834 2025-05-23 2022-09-12 Textual
Copyright @ Delhi University Library System